MARC
| LEADER | 00000nam a22000007a 4500 | ||
|---|---|---|---|
| 003 | cru CIDCACS/IIS | ||
| 005 | 20190125152650.0 | ||
| 007 | ta | ||
| 008 | 190125s1999 es |||||r||||||0| ||spa d | ||
| 999 | |c 42129 |d 42129 | ||
| 040 | |c cru CIDCACS/IIS | ||
| 245 | 0 | |a Situación de la pobreza | |
| 300 | |a páginas 10-11: |b tabla | ||
| 942 | |2 ddc |c PP | ||
| 773 | 0 | |0 42115 |9 2629 |a Universidad Centroamericana José Simeón Cañas (UCA) |d San Salvador, El Salvador: Universidad Centroamericana José Simeón Cañas. Centro Universitario de Documentación e Información |o 18283 |t El Salvador Proceso: |x 02599864 | |
